| 000 | 00795nam a22002297a 4500 | ||
|---|---|---|---|
| 003 | 0 | ||
| 005 | 20250822142805.0 | ||
| 008 | 250822b xxu||||| |||| 00| 0 eng d | ||
| 020 | _a978-621-8042-67-4 | ||
| 050 |
_aHF 5415.127 _b.B35 2025 |
||
| 100 |
_aBalita, Carl E., _eauthor. |
||
| 245 |
_aStanding to outstanding : _ba framework for meaningful personal branding / _cDr. Carl E. Balita, Mr. Adrian Tabalanza & Atty. Lyca Balita. |
||
| 260 |
_aSampaloc, Manila : _bQUARTERS / ULS, _c2025. |
||
| 300 |
_a222 pages : _billustrations ; _c22 cm. |
||
| 650 | _aPersonal branding (Marketing). | ||
| 650 | _aSelf-presentation. | ||
| 650 | _aCareer development. | ||
| 650 | _aSuccess in business. | ||
| 700 |
_aTabalanza, Adrian, _eauthor. |
||
| 700 |
_aBalita, Lyca, _eauthor. |
||
| 942 |
_2lcc _cBK |
||
| 999 |
_c367578 _d367578 |
||